| 000 | 00738nam 22002413 4500 | ||
|---|---|---|---|
| 001 | 202101 | ||
| 010 | _a978-972-23-3550-8 | ||
| 021 |
_aPT _b309975/10 |
||
| 090 | _a202101 | ||
| 100 | _a20260511d u||y0pory50 ba | ||
| 200 |
_aA noite dos animais inventados _fDavid Machado _gilustrações de Teresa Lima |
||
| 205 | _a5ª | ||
| 210 |
_aBarcarena _cEditorial Presença _d2010 |
||
| 215 |
_a32, [2] p. _cencadernado _d25 cm |
||
| 225 |
_aA arca do tesouro _h11 |
||
| 300 | _aLER+ - Plano Nacional de Leitura | ||
| 606 |
_922 _aLiteratura Infantil Portuguesa |
||
| 675 |
_a821.134.3-93 _vPT _zpor |
||
| 700 |
_962 _aMachado _bDavid _f1978- |
||
| 702 |
_91163 _aLima _bTeresa _f1962- |
||
| 801 |
_aPT _bBMMN _gRPC |
||
| 830 | _cAna Caetano | ||
| 990 | _cLIVROS | ||